[Event "XXXII Memorial Edoardo Crespi B"]
[Site "Milano ITA"]
[Date "2011.12.11"]
[Round "7"]
[White "Brociner, Beniamino"]
[Black "Petrone, Gianmario"]
[Result "0-1"]
[WhiteElo "1941"]
[BlackElo "1937"]
[PlyCount "96"]
[EventDate "2011.12.07"]

1. e4 c5 2. Nf3 d6 3. d4 cxd4 4. Nxd4 Nf6 5. Nc3 a6 6. Bc4 e6 7. Bb3 Be7 8. Be3
O-O 9. Qe2 Nbd7 10. O-O-O Qc7 11. g4 Nc5 12. f3 b5 13. g5 Nfd7 14. h4 b4 15.
Na4 Nxa4 16. Bxa4 Nb6 17. Bb3 a5 18. a4 bxa3 19. h5 axb2+ 20. Kb1 a4 21. Ba2
Ba6 22. Qh2 Nc4 23. g6 h6 24. gxf7+ Rxf7 25. Rd3 Nxe3 26. Rxe3 Bc4 27. c3 Bxa2+
28. Kxa2 a3 29. Qe2 Qd7 30. Rd1 Bf6 31. Nb5 Be5 32. Nxd6 Bxd6 33. e5 Rb8 34.
exd6 Qxd6 35. Rb1 Qb6 36. c4 Ra7 37. Rc3 Ra6 38. Qe5 Rc8 39. f4 Ra5 40. Qe2 Qc6
41. Re1 Ra4 42. Qg4 Rxc4 43. Rg3 b1=Q+ 44. Rxb1 Rc2+ 45. Ka1 Qd7 46. f5 exf5
47. Qf4 Qf7 48. Rbb3 Qf6+ 0-1

[Event "XXXII Memorial Edoardo Crespi B"]
[Site "Milano ITA"]
[Date "2011.12.11"]
[Round "7"]
[White "Cavalleri, Giuseppe"]
[Black "Santini, Alberto"]
[Result "1/2-1/2"]
[WhiteElo "1812"]
[BlackElo "1872"]
[PlyCount "54"]
[EventDate "2011.12.07"]

1. d4 d5 2. c4 e6 3. Nc3 Be7 4. Nf3 Nf6 5. Bf4 c6 6. a4 Qa5 7. cxd5 exd5 8. Bd2
Bb4 9. e3 Bf5 10. Be2 Nbd7 11. O-O O-O 12. h3 h6 13. Na2 Bxd2 14. Qxd2 Qxd2 15.
Nxd2 c5 16. Bf3 cxd4 17. exd4 Rac8 18. Nb4 Nb6 19. Rfc1 a5 20. Na2 Nxa4 21. Nc3
Nxc3 22. bxc3 b6 23. c4 dxc4 24. Nxc4 Rfd8 25. Nxb6 Rxc1+ 26. Rxc1 Rxd4 27. Rc5
Be6 1/2-1/2

[Event "XXXII Memorial Edoardo Crespi B"]
[Site "Milano ITA"]
[Date "2011.12.11"]
[Round "7"]
[White "Cerioni, Armando"]
[Black "Kimbin, Richard Conrod"]
[Result "1-0"]
[WhiteElo "1949"]
[BlackElo "1937"]
[PlyCount "33"]
[EventDate "2011.12.07"]

1. d4 Nf6 2. Nf3 g6 3. Nc3 Bg7 4. e4 d6 5. Be3 c6 6. Qd2 Ng4 7. Bg5 h6 8. Bh4
Qc7 9. Bd3 e5 10. dxe5 Nxe5 11. Nxe5 dxe5 12. Bg3 g5 13. h4 f6 14. Bc4 Ke7 15.
Qe2 Rf8 16. O-O-O Be6 17. Bxe6 1-0

[Event "XXXII Memorial Edoardo Crespi B"]
[Site "Milano ITA"]
[Date "2011.12.11"]
[Round "7"]
[White "Cocconcelli, Lorenzo"]
[Black "Arboscelli, Gregorio"]
[Result "1/2-1/2"]
[WhiteElo "1900"]
[BlackElo "1907"]
[PlyCount "77"]
[EventDate "2011.12.07"]

1. d4 Nf6 2. c4 e6 3. Nf3 Bb4+ 4. Bd2 Qe7 5. g3 O-O 6. Bg2 Bxd2+ 7. Nbxd2 d6 8.
O-O e5 9. e3 Re8 10. d5 a5 11. Qc2 Na6 12. a3 Bg4 13. Rab1 b6 14. b4 Reb8 15.
Qc3 a4 16. e4 Qd7 17. Rfc1 h6 18. Qc2 Nh7 19. c5 bxc5 20. bxc5 Nxc5 21. Nxe5
dxe5 22. Qxc5 Rxb1 23. Rxb1 Ng5 24. Rc1 Rc8 25. Nc4 Re8 26. Qe3 f6 27. Nd2 Nh3+
28. Bxh3 Bxh3 29. f4 exf4 30. Qxf4 Qb5 31. Qf2 Qb2 32. Re1 Qxa3 33. Qe3 Qa2 34.
Qc3 a3 35. Ra1 Qb2 36. Rxa3 Qb6+ 37. Qe3 Qb2 38. Qc3 Qb6+ 39. Qe3 1/2-1/2

[Event "XXXII Memorial Edoardo Crespi B"]
[Site "Milano ITA"]
[Date "2011.12.11"]
[Round "7"]
[White "Fornasir, Carlo Gustavo"]
[Black "Lanni, Vincenzo"]
[Result "1-0"]
[WhiteElo "1868"]
[BlackElo "1766"]
[PlyCount "61"]
[EventDate "2011.12.07"]

1. e4 g6 2. Bc4 Bg7 3. d4 d6 4. Nf3 Nf6 5. Nc3 c6 6. h3 O-O 7. O-O Qc7 8. Bf4
Nh5 9. Bh2 e5 10. Ne2 Qe7 11. g4 Nf4 12. Nxf4 exf4 13. Bxf4 Qxe4 14. Bxd6 Bxg4
15. hxg4 Qxg4+ 16. Kh2 Re8 17. Bxf7+ Kxf7 18. Ne5+ Bxe5+ 19. Bxe5 Qxd1 20.
Raxd1 Nd7 21. f4 Nf6 22. Kg3 Nd5 23. Rh1 h5 24. f5 gxf5 25. Rxh5 Rg8+ 26. Kf2
Ne7 27. Rdh1 Rg6 28. Rh7+ Ke6 29. Re1 Kd7 30. Bf6 Rxf6 31. Rexe7+ 1-0

[Event "XXXII Memorial Edoardo Crespi B"]
[Site "Milano ITA"]
[Date "2011.12.11"]
[Round "7"]
[White "Forno, Roberto"]
[Black "Lanzani, Giuliano"]
[Result "0-1"]
[WhiteElo "1911"]
[BlackElo "1953"]
[PlyCount "96"]
[EventDate "2011.12.07"]

1. d4 d5 2. c4 c6 3. e3 Nf6 4. Nf3 a6 5. Nbd2 g6 6. b3 Bg7 7. Bb2 O-O 8. Be2
Ne4 9. Nxe4 dxe4 10. Nd2 f5 11. O-O c5 12. Qc2 cxd4 13. exd4 Bxd4 14. Rad1 e5
15. c5 Nc6 16. Nc4 Qf6 17. Nb6 Rb8 18. Bc4+ Kg7 19. Nd5 Qd8 20. b4 Be6 21. Qb3
Rf7 22. Rd2 Qe8 23. Rfd1 Rd8 24. h4 Rfd7 25. Nb6 Bxc4 26. Nxc4 Qe6 27. Nd6 Qxb3
28. axb3 Bxb2 29. Nxf5+ gxf5 30. Rxd7+ Rxd7 31. Rxd7+ Kf6 32. Rxb7 Ke6 33. Rb6
Kd5 34. Rxa6 Nxb4 35. Ra7 h6 36. Rf7 f4 37. Rh7 e3 38. fxe3 fxe3 39. Rxh6 Kxc5
40. Kf1 Bd4 41. g4 Nd5 42. Rh8 Nf4 43. Rc8+ Kb4 44. h5 e2+ 45. Ke1 Bc3+ 46.
Rxc3 Kxc3 47. h6 Kd3 48. g5 Ke3 0-1

[Event "XXXII Memorial Edoardo Crespi B"]
[Site "Milano ITA"]
[Date "2011.12.11"]
[Round "7"]
[White "Ganci, Stefano"]
[Black "Piantoni, Pierino"]
[Result "1-0"]
[WhiteElo "1920"]
[BlackElo "1932"]
[PlyCount "35"]
[EventDate "2011.12.07"]

1. b4 b5 2. e3 Bb7 3. Nf3 e6 4. Bb2 Nf6 5. a3 a6 6. c4 bxc4 7. Bxc4 Be7 8. O-O
O-O 9. Nc3 d6 10. d4 Nbd7 11. Re1 c5 12. dxc5 dxc5 13. b5 Qc7 14. bxa6 Bxa6 15.
Bxa6 Rxa6 16. Qc2 Qa5 17. Nd2 Nb6 18. Nb3 1-0

[Event "XXXII Memorial Edoardo Crespi B"]
[Site "Milano ITA"]
[Date "2011.12.11"]
[Round "7"]
[White "Grigioni, Giulio"]
[Black "Bernago, Federico"]
[Result "1-0"]
[WhiteElo "1896"]
[BlackElo "1946"]
[PlyCount "116"]
[EventDate "2011.12.07"]

1. e4 c5 2. Nc3 Nc6 3. Nge2 Nf6 4. g3 Rb8 5. Bg2 e6 6. d3 b5 7. O-O b4 8. Nb1
Bb7 9. f4 d6 10. Kh1 Be7 11. Be3 e5 12. Nd2 exf4 13. Nxf4 Ne5 14. Qe2 O-O 15.
Nf3 Nfg4 16. Bg1 Nxf3 17. Bxf3 Ne5 18. Bg2 g6 19. Be3 Bf6 20. Rad1 a5 21. b3
Bg7 22. d4 cxd4 23. Bxd4 Qc7 24. c4 bxc3 25. Rc1 Qe7 26. Bxc3 Ra8 27. Rfd1 a4
28. Bb4 Rfd8 29. Qd2 Bf8 30. bxa4 Rxa4 31. a3 Raa8 32. Rc2 Qd7 33. Nd5 Bxd5 34.
Qxd5 Ng4 35. Bh3 Ne3 36. Bxd7 Nxd5 37. Rxd5 Rxd7 38. Rcd2 Re7 39. Rxd6 Ree8 40.
R6d4 Bxb4 41. axb4 Ra1+ 42. Kg2 Rb1 43. Rd8 Rxd8 44. Rxd8+ Kg7 45. Rb8 Rb3 46.
Kf2 Rb2+ 47. Kf3 Rxh2 48. e5 Rh1 49. b5 Rf1+ 50. Kg2 Rf5 51. Re8 f6 52. b6 Kf7
53. b7 Kxe8 54. b8=Q+ Kf7 55. Qc7+ Ke6 56. Qd6+ Kf7 57. e6+ Kg7 58. Qd7+ Kh6
1-0

[Event "XXXII Memorial Edoardo Crespi B"]
[Site "Milano ITA"]
[Date "2011.12.11"]
[Round "7"]
[White "Mansueti, Marco"]
[Black "Barolo, Andrea"]
[Result "0-1"]
[WhiteElo "1852"]
[BlackElo "1944"]
[PlyCount "174"]
[EventDate "2011.12.07"]

1. d4 Nf6 2. c4 g6 3. Nf3 Bg7 4. Nc3 d5 5. e3 O-O 6. Bd3 c5 7. cxd5 Nxd5 8.
Nxd5 Qxd5 9. e4 Qd8 10. dxc5 Qa5+ 11. Bd2 Qxc5 12. Rc1 Qd6 13. Bc3 Bxc3+ 14.
Rxc3 Nc6 15. O-O Rd8 16. Qe2 Bg4 17. Qe3 Bxf3 18. gxf3 Ne5 19. Rd1 Qf6 20. Be2
Rxd1+ 21. Bxd1 Rd8 22. Be2 Nc6 23. f4 Qd4 24. Bf3 e5 25. fxe5 Qxe3 26. Rxe3 Rd2
27. e6 fxe6 28. Bg4 Kf7 29. Re2 Rxe2 30. Bxe2 e5 31. f3 Kf6 32. Kf2 Kg5 33. Kg3
Nd4 34. Bc4 b5 35. Bd3 Kf6 36. Kf2 b4 37. Ke3 g5 38. Bc4 Ke7 39. Kf2 a5 40. b3
h6 41. Kg3 Kf6 42. h4 gxh4+ 43. Kxh4 Nxf3+ 44. Kh5 Kg7 45. Kg4 Nd4 46. Kh5 Kh7
47. Ba6 Ne6 48. Bc4 Nf4+ 49. Kg4 Kg6 50. Bb5 Kf6 51. Bc4 h5+ 52. Kh4 Kg6 53.
Bb5 Kh6 54. Bc4 Ng6+ 55. Kg3 Kg5 56. Bd5 h4+ 57. Kf3 Nf4 58. Bc4 Nh5 59. Be6
Nf6 60. Bh3 Ne8 61. Be6 Nd6 62. Bd7 Nb7 63. Bh3 Nc5 64. Ke3 a4 65. bxa4 Nxa4
66. Be6 Nc3 67. Kf3 h3 68. Bxh3 Nxa2 69. Ke3 Nc3 70. Be6 Nb5 71. Bc4 Nd4 72.
Bd3 Kg4 73. Bb1 Kg3 74. Kd3 Kf3 75. Kc4 b3 76. Kd5 Kf4 77. Kc4 Ke3 78. Kc3 Ke2
79. Bd3+ Kd1 80. Bc4 Kc1 81. Bxb3 Nxb3 82. Kxb3 Kd2 83. Kc4 Ke3 84. Kc3 Kxe4
85. Kd2 Kf3 86. Ke1 Ke3 87. Kd1 Kf2 0-1

[Event "XXXII Memorial Edoardo Crespi B"]
[Site "Milano ITA"]
[Date "2011.12.11"]
[Round "7"]
[White "Marchini, Daniele"]
[Black "Motola, Jacopo"]
[Result "1/2-1/2"]
[WhiteElo "1813"]
[BlackElo "1903"]
[PlyCount "172"]
[EventDate "2011.12.07"]

1. d4 d5 2. c4 dxc4 3. Nf3 a6 4. a4 Nc6 5. e3 Na5 6. Nbd2 Be6 7. Qc2 Nf6 8. Ng5
Bg4 9. Nxc4 Nxc4 10. Bxc4 e6 11. Bd2 Be7 12. O-O Nd5 13. Ne4 Bf5 14. Bd3 O-O
15. Ng3 Bxd3 16. Qxd3 Nf6 17. b4 Qd7 18. Ne4 Nxe4 19. Qxe4 Qd5 20. Qxd5 exd5
21. b5 f5 22. g3 g5 23. Rfc1 Bd6 24. Rab1 axb5 25. Rxb5 Rxa4 26. Rxb7 h5 27.
Rb5 Rc4 28. Rxd5 Rxc1+ 29. Bxc1 Rb8 30. Kg2 Rf8 31. e4 Kg7 32. e5 Bb4 33. Bxg5
Kg6 34. Be3 c6 35. Rd7 Re8 36. f4 Ra8 37. Rc7 Ra6 38. Rc8 Kf7 39. Kh3 Be7 40.
Rc7 Ke6 41. Bd2 Rb6 42. Be3 Ra6 43. Rc8 Kf7 44. Rb8 Ra3 45. Bf2 Ra2 46. Kg2 h4
47. Rh8 Kg7 48. Rc8 h3+ 49. Kf3 Ra3+ 50. Be3 Bb4 51. Rc7+ Kg8 52. Rxc6 Bd2 53.
Rh6 Bxe3 54. Rxh3 Bxd4+ 55. Ke2 Bg1 56. Kf1 Ra1+ 57. Kg2 Bd4 58. Rh5 Ra2+ 59.
Kf1 Rf2+ 60. Ke1 Rg2 61. Rxf5 Rxh2 62. e6 Rh6 63. Rg5+ Kf8 64. f5 Be3 65. Rg4
Rf6 66. Re4 Bc5 67. g4 Ke7 68. Ke2 Ba3 69. Kf3 Bc1 70. Rc4 Bg5 71. Rc7+ Kf8 72.
Ke4 Rh6 73. Ke5 Ke8 74. Rc8+ Ke7 75. Rg8 Bf6+ 76. Kd5 Rh1 77. g5 Rd1+ 78. Ke4
Re1+ 79. Kd3 Be5 80. Ra8 Rf1 81. Ra7+ Ke8 82. Ke4 Bb8 83. Rb7 Rf4+ 84. Ke3 Rxf5
85. Rxb8+ Ke7 86. g6 Rg5 1/2-1/2

[Event "XXXII Memorial Edoardo Crespi B"]
[Site "Milano ITA"]
[Date "2011.12.11"]
[Round "7"]
[White "Marinc, Damir"]
[Black "Dobboletta, Alex"]
[Result "0-1"]
[WhiteElo "2003"]
[BlackElo "1939"]
[PlyCount "44"]
[EventDate "2011.12.07"]

1. d4 e6 2. Nf3 c5 3. e3 Nf6 4. Nbd2 b6 5. b3 Bb7 6. Bb2 Be7 7. Bd3 O-O 8. O-O
d5 9. Ne5 Nbd7 10. Qf3 Qc7 11. Nxd7 Qxd7 12. Qh3 h6 13. Nf3 cxd4 14. exd4 Rac8
15. Ne5 Qc7 16. Rfe1 Ne4 17. f3 Ng5 18. Qh5 Bb4 19. Re3 Bd2 20. Bc1 Bc3 21. Rb1
Bxd4 22. Kh1 Bxe3 0-1

[Event "XXXII Memorial Edoardo Crespi B"]
[Site "Milano ITA"]
[Date "2011.12.11"]
[Round "7"]
[White "Miracola, Giorgia"]
[Black "Pelizzola, Danilo"]
[Result "0-1"]
[WhiteElo "1763"]
[BlackElo "1978"]
[PlyCount "58"]
[EventDate "2011.12.07"]

1. e4 e5 2. Nf3 Nc6 3. Bc4 Be7 4. c3 Nf6 5. d3 O-O 6. O-O d6 7. Re1 Bd7 8. Bb3
Na5 9. Bc2 c5 10. Nbd2 Re8 11. Nf1 Bf8 12. Bg5 g6 13. Ng3 Bg7 14. d4 Qc7 15.
Rc1 c4 16. Qd2 b5 17. h3 Nb7 18. Bh6 Qd8 19. Bxg7 Kxg7 20. Nh2 Qe7 21. f4 h6
22. f5 gxf5 23. Nxf5+ Bxf5 24. exf5 Rh8 25. Qe3 Rae8 26. Nf3 e4 27. d5 Nc5 28.
Nd2 Qe5 29. Qf2 e3 0-1

[Event "XXXII Memorial Edoardo Crespi B"]
[Site "Milano ITA"]
[Date "2011.12.11"]
[Round "7"]
[White "Montoli, Marco"]
[Black "Brigatti, Lorenzo"]
[Result "0-1"]
[WhiteElo "1929"]
[BlackElo "1863"]
[PlyCount "78"]
[EventDate "2011.12.07"]

1. c4 b6 2. d4 Nf6 3. Nf3 e6 4. g3 Bb7 5. Bg2 d5 6. O-O Bd6 7. Nc3 Nbd7 8. b3
dxc4 9. bxc4 Ne4 10. Qc2 Nxc3 11. Qxc3 Nf6 12. Rd1 Qe7 13. Bb2 O-O 14. Nd2 Bb4
15. Qc2 Bxg2 16. Kxg2 c5 17. d5 exd5 18. Bxf6 gxf6 19. e3 Bxd2 20. Rxd2 dxc4
21. Qxc4 Rfd8 22. Rad1 Rxd2 23. Rxd2 Rd8 24. Rxd8+ Qxd8 25. Qg4+ Kf8 26. Qf5 c4
27. Qe4 Qc8 28. Qxh7 Qc6+ 29. Kf1 Qa4 30. Qb1 c3 31. Ke1 Qc4 32. Qb3 Qd3 33.
Qd1 Qe4 34. h4 b5 35. a3 Kg7 36. Ke2 Qc4+ 37. Ke1 c2 38. Qc1 Qc3+ 39. Ke2 a5
0-1

[Event "XXXII Memorial Edoardo Crespi B"]
[Site "Milano ITA"]
[Date "2011.12.11"]
[Round "7"]
[White "Olivieri, Alessandro"]
[Black "Ciciotti, Augusto"]
[Result "1/2-1/2"]
[WhiteElo "1936"]
[BlackElo "1917"]
[PlyCount "99"]
[EventDate "2011.12.07"]

1. d4 Nf6 2. c4 g6 3. g3 Bg7 4. Bg2 O-O 5. Nf3 d6 6. O-O Nc6 7. Nc3 a6 8. Qd3
Bd7 9. d5 Nb4 10. Qd1 a5 11. a3 Na6 12. Qc2 c6 13. Nd2 Qc7 14. Nde4 Nxe4 15.
Qxe4 e5 16. Qh4 f5 17. Bh6 Bf6 18. Bg5 Qd8 19. Bxf6 Qxf6 20. Qxf6 Rxf6 21. dxc6
Bxc6 22. Bd5+ Kg7 23. b4 Nc7 24. b5 Bxd5 25. Nxd5 Nxd5 26. cxd5 Rff8 27. Rfc1
Rfc8 28. b6 Kf7 29. Rab1 Rc5 30. Rxc5 dxc5 31. Rb5 Rc8 32. Rxa5 c4 33. Rb5 c3
34. Rb1 c2 35. Rc1 Ke7 36. Kf1 Kd6 37. Ke1 Kxd5 38. Kd2 Rc6 39. Rxc2 Rxb6 40.
h4 h5 41. Rc3 Rb2+ 42. Ke3 Rb6 43. Kd3 Ra6 44. Rb3 Kc6 45. e4 Ra4 46. exf5 gxf5
47. Rc3+ Kd5 48. Rb3 Kc6 49. Rc3+ Kd6 50. Rb3 1/2-1/2

[Event "XXXII Memorial Edoardo Crespi B"]
[Site "Milano ITA"]
[Date "2011.12.11"]
[Round "7"]
[White "Olivo, Mario"]
[Black "Virzi, Ettore"]
[Result "0-1"]
[WhiteElo "1860"]
[BlackElo "1966"]
[PlyCount "86"]
[EventDate "2011.12.07"]

1. c4 Nf6 2. g3 g6 3. Bg2 Bg7 4. Nc3 O-O 5. Nf3 d6 6. O-O c5 7. d4 Nc6 8. d5
Na5 9. Qd3 a6 10. Nd2 Rb8 11. a4 Ng4 12. Nf3 Nb3 13. Ra2 Nxc1 14. Rxc1 Bd7 15.
h3 Nf6 16. e4 Ne8 17. Re1 Nc7 18. b3 b5 19. axb5 axb5 20. Bf1 bxc4 21. bxc4 Rb3
22. Rc2 Na6 23. Qd2 Nb4 24. Rcc1 Qa5 25. e5 Ra8 26. Bg2 Qc7 27. e6 fxe6 28.
dxe6 Bc6 29. Nd5 Bxd5 30. cxd5 Ra2 31. Qf4 Ra8 32. Qc4 Raa3 33. Nd4 Bxd4 34.
Qxd4 Nd3 35. Qg4 Qd8 36. Be4 Nxe1 37. Bxg6 Nf3+ 38. Kh1 Qf8 39. Bf7+ Kh8 40. h4
Qg7 41. Qh5 Ra1 42. Rxa1 Qxa1+ 43. Kg2 Qg7 0-1

[Event "XXXII Memorial Edoardo Crespi B"]
[Site "Milano ITA"]
[Date "2011.12.11"]
[Round "7"]
[White "Palmieri, Giovanni"]
[Black "Regorda, Vittorio"]
[Result "1-0"]
[WhiteElo "1802"]
[BlackElo "1844"]
[PlyCount "77"]
[EventDate "2011.12.07"]

1. e4 e6 2. d4 d5 3. Nc3 Nf6 4. Bg5 Bb4 5. e5 h6 6. exf6 hxg5 7. fxg7 Rg8 8.
Qd3 Bxc3+ 9. Qxc3 c6 10. h4 Qf6 11. hxg5 Qxg5 12. Nf3 Qxg7 13. O-O-O Nd7 14.
Bd3 Nf6 15. Ne5 Bd7 16. Nxd7 Kxd7 17. Qb4 Rab8 18. g3 Rh8 19. a4 Rxh1 20. Rxh1
Qf8 21. Qd2 Ne8 22. Qf4 Nd6 23. Rh7 Qe7 24. g4 Rf8 25. Qh6 Kc7 26. f3 Kb6 27.
Qd2 a6 28. Qb4+ Ka7 29. Kb1 Nc8 30. Qd2 Nb6 31. b3 c5 32. dxc5 Qxc5 33. Qf4 f6
34. Rc7 Qg1+ 35. Ka2 e5 36. Qb4 Rc8 37. Rf7 d4 38. a5 Rc6 39. Qe7 1-0

[Event "XXXII Memorial Edoardo Crespi B"]
[Site "Milano ITA"]
[Date "2011.12.11"]
[Round "7"]
[White "Pandini, Giuseppe"]
[Black "Trent, Alan M."]
[Result "1-0"]
[WhiteElo "1785"]
[BlackElo "1759"]
[PlyCount "135"]
[EventDate "2011.12.07"]

1. f4 g6 2. Nf3 c6 3. e4 d5 4. e5 h5 5. d3 Nh6 6. Nc3 d4 7. Ne4 Bg4 8. Be2 Bxf3
9. Bxf3 Nf5 10. Qe2 e6 11. Bd2 Nd7 12. O-O-O a5 13. h3 h4 14. Ng5 Ng3 15. Qf2
Nxh1 16. Rxh1 Nb6 17. g4 Be7 18. Ne4 Na4 19. b3 Nc5 20. f5 Nxe4 21. Bxe4 Bg5
22. fxg6 Bxd2+ 23. Qxd2 fxg6 24. Bxg6+ Kd7 25. Qf4 Kc7 26. Qf7+ Qd7 27. Qxd7+
Kxd7 28. Be4 Raf8 29. g5 Rhg8 30. g6 Rg7 31. Rg1 Rf4 32. Rg5 Ke7 33. Rh5 Kd7
34. Rh8 Kc7 35. Ra8 Kb6 36. Re8 Rxe4 37. dxe4 Rxg6 38. Rh8 Rg5 39. Rxh4 Rxe5
40. Kd2 Rg5 41. Rg4 Rh5 42. h4 c5 43. a4 Kc6 44. Kd3 Kd6 45. Kc4 Kc6 46. Kd3 b5
47. axb5+ Kxb5 48. c3 e5 49. Kc2 a4 50. bxa4+ Kxa4 51. cxd4 exd4 52. Kd3 Kb4
53. Rf4 Rh6 54. e5 Ra6 55. Re4 Ra3+ 56. Kc2 Kc4 57. e6 Ra8 58. e7 Re8 59. h5
Kd5 60. Re1 Kc4 61. h6 Kb4 62. h7 c4 63. h8=Q Rxh8 64. e8=Q Rxe8 65. Rxe8 d3+
66. Kd2 Kc5 67. Kc3 Kb5 68. Rc8 1-0

[Event "XXXII Memorial Edoardo Crespi B"]
[Site "Milano ITA"]
[Date "2011.12.11"]
[Round "7"]
[White "Rossi, Giampiero"]
[Black "Caldarola, Stefano"]
[Result "1-0"]
[WhiteElo "1910"]
[BlackElo "1812"]
[PlyCount "169"]
[EventDate "2011.12.07"]

1. d4 Nf6 2. c4 e6 3. Nc3 Bb4 4. Qc2 d5 5. cxd5 exd5 6. Bg5 c5 7. e3 h6 8. Bh4
g5 9. Bg3 Ne4 10. Bxb8 Rxb8 11. Bd3 O-O 12. Bxe4 dxe4 13. Nge2 cxd4 14. Nxd4
Qa5 15. O-O Bxc3 16. Qxc3 Qxc3 17. bxc3 b6 18. Rfc1 Ba6 19. Nc6 Ra8 20. c4 Bb7
21. Ne7+ Kg7 22. Nf5+ Kg6 23. Nd6 Bc6 24. c5 Rfd8 25. Rc4 bxc5 26. Nxe4 Bd5 27.
Ra4 Bxe4 28. Rxe4 Rdc8 29. Rc1 Rab8 30. g3 a5 31. Ra4 Rb5 32. Kf1 Kf6 33. Rc2
Ke6 34. f4 g4 35. e4 Kd6 36. Ke2 Kc6 37. Ke3 Kb6 38. f5 f6 39. Kf4 Rg8 40. Rd2
Rb1 41. Rf2 Kb5 42. Ra3 c4 43. Re3 a4 44. e5 fxe5+ 45. Rxe5+ Kb4 46. Re6 Kc3
47. Re3+ Kb4 48. a3+ Kc5 49. f6 Rb3 50. f7 Rf8 51. Ke4 Rb7 52. Rf5+ Kc6 53. Rc3
Rbxf7 54. Rxc4+ Kb6 55. Rb4+ Kc6 56. Rxf7 Rxf7 57. Rxa4 Kb5 58. Rb4+ Ka5 59.
Rd4 Rf2 60. Rd5+ Ka4 61. Rh5 Kxa3 62. Rxh6 Kb3 63. Rh4 Kc3 64. Rxg4 Rxh2 65.
Kf3 Rh8 66. Rg7 Kd4 67. Rg5 Rf8+ 68. Kg4 Ke4 69. Rg7 Rh8 70. Kg5 Kf3 71. g4 Rh1
72. Kf5 Kg3 73. g5 Rf1+ 74. Kg6 Kg4 75. Ra7 Rb1 76. Ra4+ Kf3 77. Kh6 Rh1+ 78.
Kg7 Rb1 79. g6 Kg3 80. Kg8 Rf1 81. g7 Rf2 82. Ra7 Kg4 83. Rf7 Ra2 84. Kh7 Rh2+
85. Kg6 1-0

[Event "XXXII Memorial Edoardo Crespi B"]
[Site "Milano ITA"]
[Date "2011.12.11"]
[Round "7"]
[White "Roversi, Stefano"]
[Black "Giallombardo, Federico"]
[Result "0-1"]
[WhiteElo "1836"]
[BlackElo "1906"]
[PlyCount "56"]
[EventDate "2011.12.07"]

1. e4 d6 2. d4 Nf6 3. Nc3 c6 4. Nf3 Bg4 5. Be2 e6 6. O-O d5 7. Bg5 Be7 8. e5
Nfd7 9. Bxe7 Qxe7 10. Qd2 Bh5 11. Qf4 a6 12. Bd3 c5 13. dxc5 Nxc5 14. Qg3 Bg6
15. Be2 Nc6 16. b4 Nxb4 17. Nd4 O-O 18. Rfc1 Rfc8 19. a3 Nc6 20. Nxc6 Rxc6 21.
a4 b6 22. Ra2 Qc7 23. Rb2 Nd7 24. Na2 Nxe5 25. Nb4 Rc3 26. Qg5 Nc4 27. Bxc4
Rxc4 28. Qe3 Rc3 0-1

[Event "XXXII Memorial Edoardo Crespi B"]
[Site "Milano ITA"]
[Date "2011.12.11"]
[Round "7"]
[White "Sala, Giovanni"]
[Black "Rechi Montes, Xavier"]
[Result "1-0"]
[WhiteElo "1985"]
[BlackElo "1900"]
[PlyCount "47"]
[EventDate "2011.12.07"]

1. c4 e5 2. g3 f5 3. Bg2 d6 4. Nc3 Nf6 5. d3 Be7 6. e4 Nc6 7. Nge2 O-O 8. O-O
Be6 9. Nd5 Qd7 10. Nxe7+ Nxe7 11. b3 fxe4 12. dxe4 Bh3 13. f3 Ng6 14. Be3 Rf7
15. Qd3 h5 16. Rad1 h4 17. c5 Bxg2 18. Kxg2 dxc5 19. Bxc5 Rd8 20. Qc2 Qe8 21.
Qc4 Kh7 22. Rxd8 Qxd8 23. Qxf7 Qd3 24. Qc4 1-0

[Event "XXXII Memorial Edoardo Crespi B"]
[Site "Milano ITA"]
[Date "2011.12.11"]
[Round "7"]
[White "Scagliotti, Guglielmo"]
[Black "Beltrami, Francesco"]
[Result "1/2-1/2"]
[WhiteElo "1777"]
[BlackElo "1857"]
[PlyCount "56"]
[EventDate "2011.12.07"]

1. e4 c5 2. c3 d5 3. exd5 Qxd5 4. d4 cxd4 5. cxd4 Nc6 6. Be3 e5 7. Nc3 Bb4 8.
Nf3 Bg4 9. Be2 Bxc3+ 10. bxc3 exd4 11. Bxd4 Nxd4 12. Qxd4 Qxd4 13. cxd4 O-O-O
14. Ng5 Bxe2 15. Kxe2 Nh6 16. Rac1+ Kb8 17. Rhd1 Rhe8+ 18. Kf1 f6 19. Nf3 Nf5
20. Rc5 g6 21. g4 Ng7 22. Rc3 Ne6 23. Re3 Nc7 24. Rde1 Kc8 25. Rc1 Kd7 26. Rec3
Rc8 27. Rb1 b6 28. Ra3 Ra8 1/2-1/2

[Event "XXXII Memorial Edoardo Crespi B"]
[Site "Milano ITA"]
[Date "2011.12.11"]
[Round "7"]
[White "Silari, Andrea"]
[Black "Patrucco, Carlo"]
[Result "0-1"]
[WhiteElo "1784"]
[BlackElo "1884"]
[PlyCount "68"]
[EventDate "2011.12.07"]

1. e4 c5 2. Nf3 Nc6 3. Bb5 e6 4. c4 Nge7 5. O-O a6 6. Ba4 g6 7. Nc3 Bg7 8. d3
O-O 9. Be3 d6 10. Bxc6 Nxc6 11. Qd2 Nd4 12. Ne1 Bd7 13. Bh6 b5 14. Bxg7 Kxg7
15. f4 bxc4 16. dxc4 Qb6 17. b3 a5 18. Nf3 a4 19. Nxd4 cxd4 20. Nxa4 Bxa4 21.
bxa4 Rxa4 22. f5 exf5 23. exf5 f6 24. fxg6 hxg6 25. Rab1 Qa7 26. Rb2 Rxc4 27.
Rfb1 Rf7 28. Kf1 Rfc7 29. Rb4 Qa6 30. Rxc4 Qxc4+ 31. Kf2 Kf7 32. Rb4 Qc2 33.
Rxd4 Qf5+ 34. Ke1 Qb1+ 0-1

[Event "XXXII Memorial Edoardo Crespi B"]
[Site "Milano ITA"]
[Date "2011.12.11"]
[Round "7"]
[White "Sirletti, Sonia"]
[Black "Falchi, Claudio"]
[Result "1-0"]
[WhiteElo "1960"]
[BlackElo "1784"]
[PlyCount "123"]
[EventDate "2011.12.07"]

1. d4 e6 2. c4 f5 3. g3 Nf6 4. Bg2 d5 5. Nc3 c6 6. b3 Bd6 7. Nh3 O-O 8. O-O Ne4
9. Nxe4 fxe4 10. Be3 Nd7 11. f3 exf3 12. exf3 dxc4 13. bxc4 e5 14. Ng5 exd4 15.
Qd3 Nf6 16. Bxd4 Bc5 17. Rad1 Bxd4+ 18. Qxd4 Qxd4+ 19. Rxd4 Bf5 20. Rfd1 h6 21.
Nh3 Rae8 22. Nf2 Re2 23. R4d2 Rfe8 24. Kf1 Rxd2 25. Rxd2 Kf7 26. Nd1 Bg6 27.
Kf2 Re7 28. Bh3 Re8 29. Ne3 Ke7 30. c5 Rd8 31. Rb2 Kf8 32. Be6 Ke7 33. Bf5 Bxf5
34. Nxf5+ Kf8 35. Rxb7 Rd2+ 36. Kg1 Rxa2 37. Nxg7 Nd5 38. Nf5 h5 39. Rh7 Nf6
40. Rc7 Ra6 41. Nd4 Ra1+ 42. Kg2 Nd5 43. Rxc6 Ra2+ 44. Kh3 Ne7 45. Rf6+ Kg7 46.
Rd6 Nc8 47. Rd7+ Kf6 48. c6 Rd2 49. Rd8 Nb6 50. c7 a5 51. Nb3 Re2 52. Rd6+ Re6
53. Rxb6 Rxb6 54. c8=Q Rxb3 55. Qc6+ Kg7 56. Qd7+ Kf6 57. Qd4+ Ke7 58. Qa7+ Kf6
59. Qxa5 Rxf3 60. Qxh5 Rf2 61. Qh6+ Ke7 62. Qe3+ 1-0

[Event "XXXII Memorial Edoardo Crespi B"]
[Site "Milano ITA"]
[Date "2011.12.11"]
[Round "7"]
[White "Swannie, Douglas"]
[Black "Popovich, Fabio"]
[Result "1-0"]
[WhiteElo "1955"]
[BlackElo "1847"]
[PlyCount "99"]
[EventDate "2011.12.07"]

1. d4 Nf6 2. c4 c5 3. d5 e6 4. Nc3 exd5 5. cxd5 d6 6. e4 g6 7. f4 Qe7 8. Bb5+
Bd7 9. Bxd7+ Nbxd7 10. Qe2 Bg7 11. Nf3 O-O 12. O-O a6 13. a4 Rac8 14. e5 Ne8
15. e6 Ndf6 16. Ng5 fxe6 17. Nxe6 Nc7 18. Nxf8 Qxf8 19. Qf3 Qf7 20. Rd1 Re8 21.
Kf1 Qd7 22. h3 b5 23. axb5 axb5 24. Kf2 b4 25. Ne2 Qb5 26. Ng3 c4 27. Re1 Rxe1
28. Kxe1 Qe8+ 29. Qe2 Qxe2+ 30. Nxe2 Nfxd5 31. Ra7 Kf7 32. Kd1 Ke6 33. g4 h6
34. f5+ gxf5 35. Nf4+ Nxf4 36. Rxc7 Be5 37. gxf5+ Kxf5 38. Bxf4 Bxf4 39. Rxc4
Ke5 40. Rxb4 Be3 41. Rc4 Kd5 42. b3 Bd4 43. Ke2 Be5 44. Kd3 Ke6 45. b4 h5 46.
b5 d5 47. Rc2 Kd7 48. b6 Bb8 49. b7 Kd6 50. Rc8 1-0

[Event "XXXII Memorial Edoardo Crespi B"]
[Site "Milano ITA"]
[Date "2011.12.11"]
[Round "7"]
[White "Villalba, Fernando"]
[Black "Ranfagni, Stefano"]
[Result "1-0"]
[WhiteElo "1865"]
[BlackElo "1998"]
[PlyCount "107"]
[EventDate "2011.12.07"]

1. d4 e6 2. Nf3 f5 3. Bf4 Nf6 4. e3 d6 5. h3 Be7 6. Be2 O-O 7. c4 Qe8 8. Nc3
Nbd7 9. O-O Bd8 10. b4 b6 11. a4 Bb7 12. a5 e5 13. dxe5 dxe5 14. Bh2 Bxf3 15.
Bxf3 e4 16. Be2 Rc8 17. Nd5 c6 18. Nxf6+ Bxf6 19. Ra2 Be5 20. Rd2 Rd8 21. Qc2
Bxh2+ 22. Kxh2 Ne5 23. Rfd1 Qe7 24. axb6 axb6 25. Qc3 Qc7 26. Kg1 Nf7 27. c5 b5
28. Rd4 Qe5 29. Qb2 Rxd4 30. Rxd4 Rc8 31. Qa2 Kf8 32. Rd7 Qe8 33. Rd4 Ne5 34.
Rd6 Nf7 35. Rd4 Ne5 36. Bd1 Rd8 37. Rxd8 Qxd8 38. Be2 Qd7 39. Qa8+ Kf7 40. Qa2+
Kf6 41. Qb2 Qd5 42. f4 exf3 43. gxf3 Kf7 44. Kf2 Nd3+ 45. Bxd3 Qxd3 46. Qd4
Qxd4 47. exd4 Ke6 48. Ke3 Kd5 49. h4 Kc4 50. Kf4 Kxb4 51. Ke5 Ka5 52. d5 cxd5
53. c6 Ka6 54. Kd6 1-0